banner koha

Métodos para reduzir o tempo de germinação de sementes de bacuri (Platonia insignis Mart.) (Registro n. 292177)

MARC details
000 -LÍDER
campo de controle de tamanho fixo 01058nac a22003377a 4500
001 - NÚMERO DE CONTROLE
campo de controle BR0202582
003 - IDENTIFICADOR DO NÚMERO DE CONTROLE
campo de controle BR-BrBNA
005 - DATA E HORÁRIO DA ÚLTIMA TRANSAÇÃO
campo de controle 20240105122647.0
008 - CAMPO DE DADOS FIXOS--INFORMAÇÃO GERAL
campo de controle de tamanho fixo 230509b bl.|||m| |||| 00| 0 por d
040 ## - FONTE DA CATALOGAÇÃO
Instituição da catalogação original BR-BrBNA
Idioma da catalogação por
Instituição que transcreveu o registro Biblioteca Nacional de Agricultura
072 ## - CÓDIGO DE CATEGORIA DE ASSUNTO
Código de Categoria de Assunto F03
090 ## - NÚMERO DE CHAMADA LOCAL
Número de chamada 1190 BR0202582
100 1# - ENTRADA PRINCIPAL--NOME PESSOAL
Nome pessoal Araújo, E.C.E.
100 1# - ENTRADA PRINCIPAL--NOME PESSOAL
Nome pessoal Oliveira, F.das C.
100 1# - ENTRADA PRINCIPAL--NOME PESSOAL
Nome pessoal Vasconcelos, L.F.L.
100 1# - ENTRADA PRINCIPAL--NOME PESSOAL
Nome pessoal Alcoforado Filho, F.G.
100 1# - ENTRADA PRINCIPAL--NOME PESSOAL
Nome pessoal Soares, E.B.
110 1# - ENTRADA PRINCIPAL--NOME CORPORATIVO
Nome corporativo ou nome da jurisdição EMBRAPA Meio-Norte, Teresina, PI (Brasil)
245 1# - TÍTULO
Título Métodos para reduzir o tempo de germinação de sementes de bacuri (Platonia insignis Mart.)
260 3# - PUBLICAÇÃO, DISTRIBUIÇÃO, ETC.
Local de publicação, distribuição, etc. Teresina, PI (Brasil):
Data da publicação, distribuição, etc. 1999.
300 ## - DESCRIÇÃO FÍSICA
Extensão 14 p.
490 ## - TÍTULO DA SÉRIE
Título da série Boletim de Pesquisa - EMBRAPA Meio Norte (Brazil)
Número do volume ou designação sequencial da série no. 25
ISSN - International Standard Serial Number ISSN 1413-1455
500 ## - NOTA GERAL
Nota geral 5 ref.; Summaries (En, Pt)
650 ## - ASSUNTO--TERMO TÓPICO
Cabeçalho tópico ou nome geográfico BACURI
650 ## - ASSUNTO--TERMO TÓPICO
Cabeçalho tópico ou nome geográfico SEMENTE
650 ## - ASSUNTO--TERMO TÓPICO
Cabeçalho tópico ou nome geográfico GERMINAÇÃO
650 ## - ASSUNTO--TERMO TÓPICO
Cabeçalho tópico ou nome geográfico TRATAMENTO DE SEMENTE
650 ## - ASSUNTO--TERMO TÓPICO
Cabeçalho tópico ou nome geográfico MÉTODO
909 ## -
-- 202312
-- Lúcia Elande
-- 55
-- Lúcia Elande
942 ## - ELEMENTOS DE ENTRADA ADICIONADOS (KOHA)
Fonte da classificação ou esquema de arquivamento na estante Classificação AGRIS
Ocultar no OPAC Não
Tipo de material Koha Monografia Seriada
Exemplares
Situação do descarte Fonte da classificação ou esquema de arquivamento na estante Situação física Não pode ser emprestado Coleção Biblioteca de origem Biblioteca atual Localização na estante Total de empréstimos Número de telefone completo Código de barras Data de último acesso Tipo de material Koha Fonte de aquisição
  Classificação AGRIS       Biblioteca Nacional de Agricultura - Binagri Biblioteca Nacional de Agricultura - Binagri Agrobase - Acervo Geral   1190 BR0202582 1190 BR0202582 18/12/2023 Monografia Seriada Portaria Interministerial nº 164/94

BINAGRI

Telefone: (61)3218-2567/2388/3357/2097 - binagri@agro.gov.br

Ministério da Agricultura e Pecuária , Esplanada dos Ministérios, Bloco D, Anexo B, Brasília/DF, CEP: 70.043-900